<?xml version="1.0" encoding="UTF-8"?>
<collection xmlns="http://www.loc.gov/MARC21/slim">
  <record>
    <leader>00000nam  2200000   4500</leader>
    <controlfield tag="001">INLIS000000000000712</controlfield>
    <controlfield tag="005">20180724135853</controlfield>
    <controlfield tag="008">180724|||||||||   |   |||   |||| ||   | </controlfield>
    <datafield tag="035" ind1=" " ind2=" ">
      <subfield code="0">010-0718000712</subfield>
    </datafield>
    <datafield tag="041" ind1=" " ind2=" ">
      <subfield code="a">id</subfield>
    </datafield>
    <datafield tag="082" ind1=" " ind2=" ">
      <subfield code="a">030</subfield>
    </datafield>
    <datafield tag="090" ind1=" " ind2=" ">
      <subfield code="a">R 030 PIM I 2015</subfield>
    </datafield>
    <datafield tag="100" ind1=" " ind2=" ">
      <subfield code="a">Adiperdana, Ardan</subfield>
    </datafield>
    <datafield tag="245" ind1=" " ind2=" ">
      <subfield code="a">Membangun Grand Design dan Implementasinya dalam meningkatkan Kapabilitas APIP Berkelas Dunia dalam Rangka Mendukung Peningkatan Kinerja Pemerintah</subfield>
    </datafield>
    <datafield tag="260" ind1=" " ind2=" ">
      <subfield code="a">Jakarta</subfield>
      <subfield code="b">LAN Jakarta</subfield>
      <subfield code="c">2015</subfield>
    </datafield>
    <datafield tag="300" ind1=" " ind2=" ">
      <subfield code="a">14 hlm.; lamp</subfield>
    </datafield>
    <datafield tag="500" ind1=" " ind2=" ">
      <subfield code="a">Sesuai kriteria Internasional, APIP pada level-3 mampu menilai efisiensi, efektivitas, dan keekonomian suatu kegiatan serta mampu memberikan konsultasi pada aspek tata kelola, manajemen risiko, dan pengendalian intern, sehingga fungsi pengawasan intern Pemerintah akan lebih efektif memberikan kontribusi dalam mengawal dan menyukseskan program-program pembangunan nasional untuk kesejahteraan rakyat.</subfield>
    </datafield>
    <datafield tag="650" ind1=" " ind2=" ">
      <subfield code="a">Kinerja Pemerintah</subfield>
    </datafield>
  </record>
</collection>
